000 00707nam a2200277Ia 4500
001 4746
005 20240113233757.0
007 ta
008 050614s1996 g b000 u asm u
020 _cPB
040 _aCotton College,Assam
041 _aasm
082 _a790
_bSa 11 As
100 _aSarma, Nabin Ch. .
245 0 _aAsamar Paribeshyakala Ojapali /
_cNabin Ch. Sarma.
_hTextual Documents
250 _a1st ed /
260 _aGuwahati :
_bBani Prakash Pvt Ltd ,
_c1996.
300 _a362p. ;
_c22cm..
504 _aIndex
653 _aPerforming Arts- Assam
653 _aG-Recreation
942 _2ddc
_cBK
999 _c4733
_d4733